000 00350nam a2200145Ia 4500
008 090122s9999 xx 000 0 und d
082 _b10242
100 _a
_bपी
_cजी
245 _aअग्निपंख
600 _a
630 _aअग्निपंख
700 _a
730 _aअग्निपंख
942 _cBOOK
999 _c34319
_d34319